Les 20 capitales les plus peuplées - Statistiques

Statistiques générales
  • Ce quiz a été pris 218 fois
  • Le résultat moyen est 11 sur 20
Statistiques - réponses
Classement Population Réponse % Correct
3 13 953 972 Tokyo
94%
1 21 300 000 Pékin
93%
2 16 787 983 New Delhi
85%
4 12 507 000 Moscou
82%
8 9 721 000 Londres
80%
10 9 209 944 Mexico
74%
9 9 540 000 Le Caire
59%
7 9 985 652 Séoul
59%
5 10 639 000 Jakarta
58%
13 8 249 117 Bangkok
47%
17 5 504 000 Ankara
45%
11 8 906 000 Dacca
45%
15 7 613 303 Bogota
43%
12 8 693 706 Téhéran
39%
6 10 628 470 Lima
34%
16 5 685 000 Singapour
34%
14 8 126 755 Bagdad
31%
19 4 878 723 Riyad
29%
18 5 084 038 Santiago
29%
20 4 435 000 Kaboul
24%
Aucun quiz correspondant
Distribution des résultats
% des personnes avec chaque résultat
Percentile par nombre de réponses
Votre historique - résultats
Vous n’avez pas pris ce quiz